| 000 | 00494nam a22001817a 4500 | ||
|---|---|---|---|
| 003 | BDDh-ASL | ||
| 005 | 20231015031121.0 | ||
| 008 | 230201s1913 ii ||||| |||| 00| 0 eng d | ||
| 040 |
_aBDDh-ASL _cBDDh-ASL |
||
| 041 | _aper | ||
| 082 |
_a297 _bQAM |
||
| 100 | 1 |
_aQalandar, Turab Ali Shah _97094 |
|
| 245 | 1 | 0 | _aMa ṭ alib-I Rashīdī : / مطالب رشیدی |
| 260 |
_aKanpur : _bNawal Kishore , _c1913. |
||
| 300 |
_a312 p. : _c24 cm. |
||
| 650 | 0 |
_aIslam _91652 |
|
| 942 |
_2ddc _cBK |
||
| 999 |
_c30198 _d30198 |
||